Kisah tiga hajat

Bibliographic Details
Other Authors: Penterjemah Fauziah Abdul Aziz
Format: Book
Published: Kuala Lumpur : Teachatot Publications , [?]
Series:Siri cerita dongeng suka ramai
Subjects:

MARC

LEADER 00000cam a2200000 7i4500
001 0000000810
005 20220105103914.0
008 070703
020 |a 9832584167 
090 0 0 |a JP   |b CT MAL (386) 
245 0 0 |a Kisah tiga hajat   |c Penterjemah Fauziah Abdul Aziz 
260 |a Kuala Lumpur :   |b Teachatot Publications ,   |c [?] 
440 0 |a Siri cerita dongeng suka ramai 
500 |a Children age 4-6 years old (yellow) 
650 0 |a Malay fiction 
700 0 |a Penterjemah Fauziah Abdul Aziz 
999 |a 0000955114   |b Book   |c Children Collection   |e Cawangan Kota Tinggi 
999 |a 0000955115   |b Book   |c Children Collection   |e Perbadanan Perpustakaan Awam Johor 
999 |a 0000955116   |b Book   |c Children Collection   |e Cawangan Segamat 
999 |a 0000955117   |b Book   |c Children Collection   |e Perbadanan Perpustakaan Awam Johor 
999 |a 0000955118   |b Book   |c Children Collection   |e Cawangan Tmn. Ungku Tun Aminah 
999 |a 0001052495   |b Book   |c Children Collection   |e Cawangan Pontian